000 00390nam a2200133Ia 4500
005 20260326100025.0
008 260326s9999||||xx |||||||||||||| ||und||
100 _aAprile Gniset, Jacques
245 0 _aEl impacto del 9 de abril sobre el Centro de Bogotá /
_cJacques Aprile Gniset
260 _bCentro Cultural Jorge Eliécer Gaitán
300 _a223 p.
650 _aHISTORIA
942 _cBK
999 _c6337
_d6337